| 000 | 00663nam a22001817a 4500 | ||
|---|---|---|---|
| 005 | 20251108165907.0 | ||
| 008 | 250721s9999 xx 000 0 ara d | ||
| 082 | 1 | 4 | _aط/598.1/بير |
| 100 | 1 | _aبيرتون، موريس | |
| 245 | 1 | 0 |
_aحياة الزواحف و البرمائيات : _bمقدمة بسيطة عن حياة الزواحف و البرمائيات / |
| 264 | 1 |
_aالقاهرة : _bالهيئة المصرية العامة للكتاب، _c[19-]. |
|
| 300 | _a61ص : مص | ||
| 650 | 1 | 7 | _aالزواحف |
| 700 | 1 | _aبيرتون، روبرت | |
| 700 | 1 |
_aالطوبي، محمد رشاد _eترجمة |
|
| 942 |
_2ddc _cBK |
||
| 999 |
_c34136 _d34136 |
||